000 00664nam a2200229Ia 4500
003 OSt
005 20260121160633.0
008 210716s1993 xx 000 0 und d
020 _a8120308255
040 _cAIMIT LIBRARY
041 _aeng
082 _a006.62
_22
_bROSW
100 _aRosch, Winn L.
_9252121
245 _aWinn L Rosch hardware bible /
_cBy WinnL Rosch
250 _a2nd ed.
260 _aNew Delhi :
_bPrentice Hall of India PVt Ltd ,
_c1993.
300 _axxxv,1060p. ;
_bPB
_c24 cm
650 _aThe motherboard
_9252122
650 _aMicroprocessors
_9252123
650 _aThe expansion bus
_9252124
942 _2ddc
_cBK
_e2nd
_k006.62 ROSW
999 _c182657
_d182657